000 01128nam a2200229 i 4500
001 69066
003 ES-MaACL
005 20230906170427.0
007 t|
008 040907s2003 sp ||||1| spa d
020 _a84-96223-05-1
080 _a811.134.2'374(063)
245 0 3 _aLa lexicografía hispánica ante el siglo XXI
_b: balance y perspectivas : (actas del Encuentro de Lexicógrafos celebrado en Zaragoza, en el marco del Centenario María Moliner, los días 4 y 5 de noviembre de 2002) /
_cedición de Mª Antonia Martín Zorraquino y José Luis Aliaga Jiménez.
260 _aZaragoza :
_bDepartamento de Educación, Cultura y Deporte, Institución "Fernando el Católico",
_c2003.
300 _a282 p. ;
_c24 cm.
500 _a"Incluye los textos leídos en el acto inaugural del Centenario (Paniza, 30 de marzo de 2000)
650 1 4 _aLengua española-
_xLexicografía-
_vCongresos y asambleas.
_914171
700 1 _aMartín Zorraquino, María Antonia.
_977683
700 1 _aAliaga Jiménez, José Luis.
_919923
710 2 _aInstitución "Fernando el Católico"
_94721
852 _aES-MaACL
_jL-28169
_bR.134004
999 _c69066
_d69066